000 00206nam a22000977a 4500
999 _c65136
_d65133
082 _a297.03UPL
100 _aUniversity Of punjab
245 _aEncyclopedia of Islam In urdu
250 _aVOL 20
942 _cBK